000 00582nam a22002057a 4500
001 2162214035924088
003 UA-OsUOA
005 20230929112647.0
008 230929b un ||||| |||| 00| 0 ukr d
040 _aUA-OsUOA
_bukr
_cUA-OsUOA
_dUA-OsUOA
041 _aukr
080 _a82
090 _a82
_bД64
100 _aДолинський І.
245 _aЛуна з прерій
_cІван Долинський
260 _aВінніпеґ
_c1983
300 _a129
650 _2UDC
_a82 Література. Літературознавство
942 _2udc
_cBK
999 _c575173
_d575173